000 00809nam a2200265 i 4500
001 bg
100 1 _aNabokov, Vladimir Vladimirovič
_d(1899-1977).
245 1 0 _aLolita /
_cVladimir Nabokov ; przekł. Michał Kłobukowski.
246 _iTyt. oryg.:
_aLolita
260 _aKraków :
_b"Mediasat Poland",
_c[2004].
300 _a315, [1] s. ;
_c22 cm.
490 1 _aKolekcja Gazety Wyborczej : XX wiek ;
_v2
500 _aTyt. oryg.: "Lolita" 1955.
650 9 _aPowieść amerykańska
_y20 w.
700 1 _aKłobukowski, Michał
_d(1951- ).
_eTł.
830 0 _aKolekcja Gazety Wyborczej ;
_v2
020 _a8389651513
040 _cBPK
041 1 _apol
_heng
044 _aPOL
080 _a821.111(73)-3
920 _a83-89651-51-3
942 _cKS
008 s pl f |000 0 pol
999 _c55639
_d55639
856 _uhttp://koha.tu.koszalin.pl/cgi-bin/koha/opac-detail.pl?biblionumber=55639
_yKatalog online BPK